000 00427nam a2200169Ia 4500
003 GCL
008 140319s9999 xx 000 0 aRus d
040 _aGCL /
_cGCL
082 0 4 _a860
_bV O
100 1 _aVALLEJO, CESAR
245 1 0 _aOBRA POETICA COMPLETA /
_cVALLEJO, CESAR
260 _a[S.N] :
_bA LIANZA EDITORIAL ،
_c1986
300 _a304 P
650 0 4 _aLITERATURE
650 0 4 _aSPANISH LANGUAGE
942 _2ddc
_cBK
999 _c24270
_d24270